000 00349 a2200157 4500
001 49587
020 _a8506040051
040 _cAnchieta - Bela Vista
100 _aBandeira, Pedro
240 1 0 _aO rei do grande rio
_lpor
245 1 0 _aO rei do grande rio
300 _a24
362 0 _a2003
650 4 _aLiteratura infanto-juvenil
942 _cBK
999 _c49587
_d49587